000 01895cam a2200517 a 4500
001 20453
003 VRT
005 20260122142334.0
008 240226s1999 xo gr 000 d slo
015 _aSNBA2004/03-02111
020 _a8088834597
035 _aSNK000406361
035 _aurn:nbn:sk:snk-am3iwjc
035 _aB3AA4B1D-A179-4380-B9D9-9DF680C9F3E8
035 _aurn:nbn:sk:snk-am00g5x1
039 9 _a202510181238
_bcsnk01
_c202402262034
_dVLOAD
_c202205120806
_dVLOAD
_c202201070905
_dVLOAD
040 _aSNK
_bslo
_cSNK
_eAACR2
041 1 _aslo
_hhun
044 _axo
_cSK
072 7 _a821.511.1
_xUgrofínske literatúry
_2konspekt
080 _a821.511.141-2
_22011
080 _a(0:82-2)
_22011
100 1 _aMadách, Imre,
_d1823-1864
_4aut
245 1 0 _aTragédia človeka
_b1862
_cImre Madách ; preložil: Ctibor Štítnický
250 _a[1. vydanie]
260 _aRohovce
_bInterpopulart Slovakia
_c[1999]
300 _a129 strán
_c21 cm
490 1 _aPopulart. Romantická dráma
490 1 _aŠtudentská knižnica
_v60
500 _aPreložené z maďarčiny
655 7 _amaďarské drámy
_2SNKPH
655 7 _adivadelné hry
_2SNKPH
655 7 _aHungarian drama
_2SNKPHeng
655 7 _aTheatre plays
_2SNKPHeng
700 1 _aŠtítnický, Ctibor,
_d1922-2002
_4trl
830 0 _aPopulart
_pRomantická dráma
830 0 _aŠtudentská knižnica
942 _2ddc
_cKLDO
_n0
949 _63912002987
_aknkjsdo/B
_bknkjs2008/260570
949 _63912002988
_aknkjsdo/B
_bknkjs2008/245187
949 _6270001000066141
_asvkbbA 94681
_p613.248
949 _6270001000066142
_asvkbbA 94681
_p612.594
949 _6270001000066143
_asvkbbA 94681
_p612.593
949 _617A0378270
_9P60, <03>, [BOOK], {603}
_asnkSC 111116
_bsnkKSP 4087/2003
_s6100:20210419
949 _63830001112447
_akurukT20/MADA1-4
_bkuruk2016/F5572
_oD2016/študentka SJ/október 2014
999 _c20453
_d20453